Music Quiz

Random Music or Album Quiz

Every artist with a UK top 40 album in the 80s - C Quiz Stats

 Plays Quiz not verified by Sporcle

Support Sporcle.
Go Orange.
Score 0/64 Timer 10:00
0 Plays Today
Biggest hit album Artist % Correct
Combat RockThe Clash
82.6%
Sonic TempleThe Cult
82.6%
Heaven On EarthBelinda Carlisle
81.4%
Face ValuePhil Collins
79.1%
Amazing GraceJudy Collins
77.9%
Word UpCameo
75.6%
Colour By NumbersCulture Club
70.9%
DisintegrationThe Cure
69.8%
Heartbeat CityThe Cars
67.4%
Heart of StoneCher
64%
The Heart of (artist name - C)Chicago
62.8%
Get HappyElvis Costello & the Attractions
51.2%
JourneymanEric Clapton
45.3%
Raw Like SushiNeneh Cherry
44.2%
TrashAlice Cooper
41.9%
Easy PiecesLloyd Cole & the Commotions
40.7%
20 Greatest Love SongsNat 'King' Cole
40.7%
Good To Be BackNatalie Cole
40.7%
(Artist name - TC)Tracy Chapman
39.5%
Voice Of The HeartThe Carpenters
38.4%
(Artist name - C&D)'s Knees Up - Jamboree Bag No 2Chas & Dave
36%
How 'Bout UsChampaign
29.1%
Mistaken IdentityKim Carnes
27.9%
Another PageChristopher Cross
26.7%
RedThe Communards
24.4%
Flaunt The ImperfectionChina Crisis
23.3%
Love SongsThe Commodores
23.3%
Tropical GangstersKid Creole & the Coconuts
23.3%
Keep Your DistanceCuriosity Killed The Cat
22.1%
Snap, Crackle & BopJohn Cooper Clarke
22.1%
Songs From Stage And ScreenMichael Crawford
22.1%
Secret CombinationRandy Crawford
22.1%
Biggest hit album Artist % Correct
(Artist name - The C)The Christians
19.8%
Change Of HeartChange
18.6%
Long Cold WinterCinderella
18.6%
EverythingClimie Fisher
17.4%
VictorialandCocteau Twins
17.4%
Saint (artist first name - J)Julian Cope
16.3%
The Drum Is EverythingCarmel
15.1%
PastpresentClannad
14%
Virgins & PhilistinesThe Colour Field
14%
Introducing (artist name - RC)Richard Clayderman
14%
High PriorityCherrelle
12.8%
A Date With ElvisThe Cramps
12.8%
The Slide AreaRy Cooder
12.8%
Don't Be Afraid Of The DarkRobert Cray Band
12.8%
FeastThe Creatures
10.5%
The Man And His MusicSam Cooke
10.5%
The CrackdownCabaret Voltaire
9.3%
NudeCamel
9.3%
Make Your MoveCaptain and Tennille
9.3%
The Pick of (artist name - BC)Billy Connolly
9.3%
GrasshopperJ J Cale
8.1%
RomanceDavid Cassidy
7%
The Very Best of (artist name - RC)Rita Coolidge
7%
What's That NoiseColdcut
5.8%
Christ The AlbumCrass
5.8%
Greatest Hits Volume 1Cockney Rejects
4.7%
Born This Way!The Cookie Crew
3.5%
Rhapsody In BluesThe Crusaders
2.3%
(Artist name - C)Cashflow
1.2%
City Baby Attacked By RatsCharged GBH
1.2%
So Far AwayThe Chords
1.2%
Beat the (artist's surname - C)Jasper Carrott
1.2%

You're not logged in!

Compare scores with friends on all Sporcle quizzes.
OR
Log In

From the Vault

Disney Characters Falling

by awesomeness365

Disney really loves making villains fall to their death.
Remove Ads.
Support Sporcle.
Get the best of Sporcle when you Go Orange. This ad-free experience offers more features, more stats, and more fun while also helping to support Sporcle. Thank you for becoming a member.

Show Comments

Extras

Top Quizzes Today


Score Distribution

Your Account Isn't Verified!

In order to create a playlist on Sporcle, you need to verify the email address you used during registration. Go to your Sporcle Settings to finish the process.

Report this User

Report this user for behavior that violates our Community Guidelines.

Details: